00460 2200181 4500001002100000005001500021035002000036245005700056100001700113250000600130856004500136260003900181082000800220084001400228990001200242990001200254990001200266INLIS00000000000172120250505094240 a0010-05250000131 aMatahari Melintas Di Kepekatan Rimba /cHendry Akbar0 aHendry Akbar a1 aRuang Baca Umum No Klas 800 ( Rak 3,4,5) aYogyakarta :bSasmita Utama,c2000 a813 a813 HEN m a00.0213 a00.0214 a00.0215